Form Vision to Reality: (Record no. 616290)
[ view plain ]
| 000 -LEADER | |
|---|---|
| fixed length control field | 00658nam a22002057a 4500 |
| 003 - CONTROL NUMBER IDENTIFIER | |
| control field | NUST |
| 005 - DATE AND TIME OF LATEST TRANSACTION | |
| control field | 20260217162457.0 |
| 008 - FIXED-LENGTH DATA ELEMENTS--GENERAL INFORMATION | |
| fixed length control field | 260217b ||||| |||| 00| 0 eng d |
| 020 ## - INTERNATIONAL STANDARD BOOK NUMBER | |
| International Standard Book Number | 9789698315023 |
| 038 ## - RECORD CONTENT LICENSOR | |
| Staff Name | Malang jan |
| 082 ## - DEWEY DECIMAL CLASSIFICATION NUMBER | |
| Classification number | 720.9 |
| Author Mark | HUS 2026 |
| 100 1# - MAIN ENTRY--PERSONAL NAME | |
| Personal name | Hussain,Mahmood |
| 9 (RLIN) | 133315 |
| 245 10 - TITLE STATEMENT | |
| Title | Form Vision to Reality: |
| Remainder of title | 60 Years Legacy Department of Architecture/ |
| Statement of responsibility, etc. | Dr. Mahmood Hussain & Neelum Naz |
| 260 ## - PUBLICATION, DISTRIBUTION, ETC. | |
| Place of publication, distribution, etc. | Lahore; |
| Name of publisher, distributor, etc. | Department of Architecture UE& T: |
| Date of publication, distribution, etc. | 2026. |
| 300 ## - PHYSICAL DESCRIPTION | |
| Extent | 276 p. |
| Other physical details | ill: |
| Dimensions | 30 cm. |
| 650 ## - SUBJECT ADDED ENTRY--TOPICAL TERM | |
| Topical term or geographic name entry element | Architecture |
| Chronological subdivision | History |
| 9 (RLIN) | 33841 |
| 651 ## - SUBJECT ADDED ENTRY--GEOGRAPHIC NAME | |
| Geographic name | Modern Architecture |
| 9 (RLIN) | 133316 |
| 700 1# - ADDED ENTRY--PERSONAL NAME | |
| Personal name | Naz,Neelum |
| 9 (RLIN) | 133317 |
| 942 ## - ADDED ENTRY ELEMENTS (KOHA) | |
| Source of classification or shelving scheme | |
| Koha item type | Book |
| Withdrawn status | Lost status | Source of classification or shelving scheme | Damaged status | Not for loan | Permanent Location | Current Location | Date acquired | Source of acquisition | Total Checkouts | Full call number | Barcode | Date last seen | Price effective from | Koha item type |
|---|---|---|---|---|---|---|---|---|---|---|---|---|---|---|
| School of Art Design and Architecture (SADA) | School of Art Design and Architecture (SADA) | 02/17/2026 | Donation | 720.9 HUS 2026 | SADAD0000494 | 02/17/2026 | Book |
